Logbook in biochemistry, including foundation course and AETCOM modules for MBBS phase (Record no. 393627)

MARC details
000 -LEADER
fixed length control field 00631 a2200217 4500
005 - DATE & TIME
control field 20260101162347.0
008 - FIXED-LENGTH DATA ELEMENTS--GENERAL INFORMATION
fixed length control field 260101b |||||||| |||| 00| 0 eng d
020 ## - ISBN
International Standard Book Number 9788197989018
Price Rs. 350.00
040 ## - CATALOGING SOURCE
Original cataloging agency VIVEKANANDA LIBRARY
082 ## - DDC NUMBER
Classification number 612.0150071
Book Number B469L(2)
100 ## - MAIN ENTRY--PERSONAL NAME
Personal name Bhaskar, Neeru
245 ## - TITLE STATEMENT
Title Logbook in biochemistry, including foundation course and AETCOM modules for MBBS phase
250 ## - EDITION STATEMENT
Edition statement 2nd
260 ## - PUBLICATION, DISTRIBUTION, ETC. (IMPRINT)
Name of publisher, distributor, etc CBS Publishers and Distributors
Place of publication, distribution, etc New Delhi
Date of publication, distribution, etc 2025
300 ## - PHYSICAL DESCRIPTION
Pages 80
650 ## - Subject
Subject Human Biochemistry
650 ## - Subject
Subject Medical Education
650 ## - Subject
Subject AETCOM Modules
700 ## - Added Entry Personal Name
Added Entry Personal Name Tangri, Priyanka
942 ## - ADDED ENTRY ELEMENTS (KOHA)
Koha item type Books
Holdings
Withdrawn status Lost status Source of classification or shelving scheme Damaged status Not for loan Location (home branch) Sublocation or collection (holding branch) Shelving location Date acquired Koha issues (times borrowed) Koha full call number Accession No. Koha date last seen Koha item type
    Dewey Decimal Classification     VIVEKANANDA LIBRARY VIVEKANANDA LIBRARY Vivekananda Library 04/12/2025   612.0150071 B469L(2) 443556 04/12/2025 Books
    Dewey Decimal Classification     VIVEKANANDA LIBRARY VIVEKANANDA LIBRARY Vivekananda Library 04/12/2025   612.0150071 B469L(2) 443557 04/12/2025 Books
© Designed and Maintained by Vivekananda Library, MDU Rohtak